|
|
|
|
| LEADER |
00000nab a2200000 a 4500 |
| 001 |
vtls000482578 |
| 003 |
SK-MaSNL |
| 005 |
20260305012315.0 |
| 008 |
150501c1993 xo 0 slo |
| 015 |
|
|
|a SNBRB19rr/mm-uuuuu
|
| 035 |
|
|
|a CL0482713
|
| 040 |
|
|
|a SNKBUCL
|b slo
|c SNKBUCL
|e AACR2
|
| 041 |
0 |
|
|a slo
|
| 044 |
|
|
|a xo
|c SK
|
| 080 |
|
|
|a 323(430)
|2 1981
|
| 100 |
1 |
|
|a Leontiev, Boris
|4 aut
|9 270242
|
| 245 |
1 |
0 |
|a Nemecká nepokojná jar
|b Recesia, politické škandály, štrajky a nedôvera
|c Boris Leontiev
|
| 300 |
|
|
|b Fotogr. 1, grafy 2
|
| 650 |
0 |
7 |
|a vnútorná politika
|2 snkbucl
|9 970
|
| 651 |
|
7 |
|a Nemecko
|2 snkbucl
|9 21020
|
| 655 |
|
7 |
|a články z novín a časopisov
|2 snkbucl
|9 267496
|
| 773 |
0 |
|
|t Práca
|g Roč. 48, č. 111 (15. 5. 1993), s. 10
|
| 850 |
|
|
|a Slovenská národná knižnica v Martine
|a MTA001
|
| 852 |
|
|
|a SNK
|b KIS3GCP
|
| 958 |
|
|
|a RK
|
| 958 |
|
|
|a DE
|
| 992 |
|
|
|a RBX
|
| 999 |
|
|
|c 3256902
|d 3258832
|